Personnages de dessins animés en images - I - Statistiques

Statistiques générales
  • Ce quiz a été pris 608 fois
  • Le résultat moyen est 4 sur 16
Statistiques - réponses
Par images Réponse % Correct
Idéfix
93%
Iago
58%
Isabela Madrigal
48%
Itchy
35%
Imelda Rivera
29%
Icy
24%
Igor
21%
Iridessa
17%
Ian Lightfoot
16%
Irma Lair
13%
Iroh
11%
Isidore
10%
Ida
5%
Icare
4%
Indy
4%
Ithiclès
2%
Aucun quiz correspondant
Distribution des résultats
% des personnes avec chaque résultat
Percentile par nombre de réponses
Votre historique - résultats
Vous n’avez pas pris ce quiz